Countries Most Similar To Denmark - Statistics

General Stats
  • This quiz has been taken 167 times
  • The average score is 16 of 20
Answer Stats
Rank Countries Score % Correct
1 Norway 82.6
98%
4 Sweden 80.9
98%
2 Germany 81.1
96%
13 Finland 72.5
95%
3 Netherlands 81
94%
9 France 74
90%
5 UK 78.8
88%
6 Belgium 78.2
87%
20 Iceland 70.8
87%
14 Poland 71.8
87%
12 Austria 73.3
83%
8 Ireland 75
80%
16 Switzerland 71.7
80%
7 Luxembourg 75.4
79%
10 Estonia 73.5
76%
17 Latvia 71.7
76%
19 Slovakia 70.9
67%
11 Czechia 73.3
66%
15 Slovenia 71.7
63%
18 Hungary 71.3
55%
No matching quizzes found
Score Distribution
Percent of People with Each Score
Percentile by Number Answered
Your Score History
You have not taken this quiz